| 000 | | | 04058nac2a22002773x 450 |
| 001 | | | 82cc29b4-4bf7-45d6-966e-6fdd88c7c774 |
| 005 | | | 20220204131648.0 |
| 100 | ## | $a | 20211219l19261928k y0rusy50 ca |
| 101 | 0# | $a | rus |
| | $a | mul |
| 102 | ## | $a | RU |
| 105 | ## | $a | y z ||||| |
| 122 | 2# | $a | d19260823 |
| | $a | d19280810 |
| 200 | 1# | $a | О разъяснении Акционерному Обществу "Шерсть", с какого времени получили распространение на территорию г. Керки - ТССР законы СССР |
| | $j | 23.08.1926 - 10.08.1928 |
| 215 | ## | $a | 25 листов |
| 251 | ## | $c | Дело |
| 300 | ## | $a | На папке дела: 23/8 1926 г. - 20 августа 1928 г. |
| 300 | ## | $a | В деле обратная нумерация листов |
| 300 | ## | $a | Часть текста на языках народов СССР |
| 300 | ## | $a | Часть текста машинописная, часть - напечатана типографским способом |
| 324 | ## | $a | В деле имеются копии отдельных документов |
| 461 | #0 | $1 | 001796d4672-8a00-4986-b488-6e42273792cc |
| | $1 | 2001 |
| | $a | ЦЕНТРАЛЬНЫЙ ИСПОЛНИТЕЛЬНЫЙ КОМИТЕТ СССР (ЦИК СССР) |
| | $1 | 251 |
| | $c | Фонд |
| | $1 | 852 |
| | $j | 3316 |
| | $g | Р |
| 462 | #0 | $1 | 001e365b2fb-f374-4764-a068-dc9012f0aaee |
| | $1 | 2001 |
| | $a | Дела Секретариата Президиума ЦИК Союза ССР за 1926 г. |
| | $v | Д. 117 |
| | $1 | 251 |
| | $c | Опись |
| | $1 | 852 |
| | $j | 19 |
| 601 | 01 | $3 | RU\NLR\AUTH\880357276 |
| | $a | СССР |
| | $b | ЦИК |
| 801 | #0 | $a | RU |
| | $b | GA_RF |
| 801 | #1 | $a | RU |
| | $b | ГлавНИВЦ |
| | $c | 20211219 |
| | $2 | rusmarc |
| 801 | #2 | $a | RU |
| | $b | ПБ им. Б.Н. Ельцина |
| | $c | 20220204 |
| | $g | RCR |
| | $2 | rusmarc |
| 852 | ## | $a | ГА РФ |
| | $j | 117 |
| 937 | ## | $d | 173867958 |
| | $h | ГАРФ |
| 035 | ## | $a | RuPRLIB51066331 |
| 856 | ## | $u | http://readingroom.main.prlib.ru/item.aspx?id_node=n173867958&mode=full |